| 000 | 00787nam a22002297a 4500 | ||
|---|---|---|---|
| 999 |
_c19992 _d19992 |
||
| 003 | AR-CdUCM | ||
| 008 | 190325b ||||| |||| 00| 0 spa d | ||
| 040 |
_aMUNICIPALIDAD PROVINCIAL DEL CUSCO _cBIBLIOTECA MUNICIPAL DEL CUSCO |
||
| 082 |
_a301 / _bC55 |
||
| 100 |
_aChoy, Emilio _923599 |
||
| 245 | _aAntropología e historia / | ||
| 260 |
_aLima : _bUNMSM, _c1985. |
||
| 300 |
_a376 páginas ; _c21 cm. |
||
| 505 | _aContenido: t.2 : Esquema tentativo -- Teoría de los soportes -- La realidad y el utopismo en Guaman Poma... | ||
| 650 |
_aAntropología _9878 |
||
| 650 |
_aHistoria _9136 |
||
| 650 |
_aMarxismo _924 |
||
| 650 |
_aEvolucionismo en el siglo XVII _941824 |
||
| 710 |
_aUniversidad Nacional Mayor de San Marcos (Lima) _99962 |
||
| 942 |
_2ddc _cLIBROS |
||
| 945 | _arcc | ||